| 000 | 00793nam a22001937a 4500 | ||
|---|---|---|---|
| 999 |
_c13472 _d13472 |
||
| 008 | 190325b ||||| |||| 00| 0 eng d | ||
| 020 | _a9789004245372 | ||
| 082 |
_22014 _aAV-Eb 320.095209034 _bN747 |
||
| 100 |
_aNoble, David . _937700 |
||
| 245 |
_aThe quest for civilization : _bencounters with dutch jurisprudence, political economy, and statistics at the dawn of modern japan / _cŌ and David Noble. |
||
| 250 | _aFirst Edition | ||
| 260 |
_aLeiden: _bBRILL, _c©2014. |
||
| 300 | _a309 pages; | ||
| 500 | _aIncludes index. | ||
| 650 |
_aJapan -- Civilization -- Dutch influences. _937701 |
||
| 650 |
_aPolitical science -- Japan -- History -- 19th century. _937702 |
||
| 856 | _yhttps://ebookcentral.proquest.com/lib/uniofmindanao-ebooks/detail.action?docID=1786612 | ||
| 942 |
_2ddc _cEB |
||